000 00694nam a2200241 a 4500
001 69043
003 BD-RjUL
005 20211209081837.0
008 830524s1983 enkab b 001 0 eng
020 _a0408108428 (pbk.) :
_c£9.50 (est.)
035 _a(BD-RjUL)69254
040 _aDLC
_cDLC
_dDLC
_beng
041 _aeng
082 0 0 _223
_a910
_bCOG 1983
100 1 _aCole, J. P.
_q(John Peter),
_d1928-
_9204548
245 1 0 _aGeography of world affairs /
_cJ.P. Cole.
250 _a6th ed.
260 _aLondon ;
_aBoston :
_bButterworths,
_c1983.
300 _axi, 267 p. :
_bill. ;
_c25 cm.
504 _aIncludes Bibliography and index
650 0 _aGeography.
_9204549
942 _2ddc
_cBK
999 _c69043
_d69043